Từ nghiên cứu đến công bố kỹ năng mềm cho nhà khoa học
Nội dungsách giới thiệu các viết bài báo cáo khoa học, cách trình bày báo cáo và các kỹ năng mềm cho các nhà khoa học.
Saved in:
| Main Author: | |
|---|---|
| Format: | Book |
| Language: | Undetermined |
| Published: |
Thành phố Hồ Chí Minh
Tổng hợp Thành phố Hồ Chí Minh
2014
|
| Subjects: | |
| Tags: |
Add Tag
No Tags, Be the first to tag this record!
|
| Institutions: | Trung tâm Học liệu Trường Đại học Cần Thơ |
|---|
| LEADER | 01081nam a2200241Ia 4500 | ||
|---|---|---|---|
| 001 | CTU_188840 | ||
| 008 | 210402s9999 xx 000 0 und d | ||
| 020 | |c 200000 | ||
| 082 | |a 808.0665 | ||
| 082 | |b T502 | ||
| 100 | |a Nguyễn, Văn Tuấn | ||
| 245 | 0 | |a Từ nghiên cứu đến công bố kỹ năng mềm cho nhà khoa học | |
| 245 | 0 | |c Nguyễn Văn Tuấn | |
| 260 | |a Thành phố Hồ Chí Minh | ||
| 260 | |b Tổng hợp Thành phố Hồ Chí Minh | ||
| 260 | |c 2014 | ||
| 520 | |a Nội dungsách giới thiệu các viết bài báo cáo khoa học, cách trình bày báo cáo và các kỹ năng mềm cho các nhà khoa học. | ||
| 526 | |a Luận văn tốt nghiệp,Luận văn tốt nghiệp,Luận văn tốt nghiệp,Luận văn tốt nghiệp | ||
| 526 | |b KTN900,KTH900,KTT900,KTQ900 | ||
| 650 | |a Technical writing,Science,Kỹ thuật viết | ||
| 650 | |x Research | ||
| 904 | |i Qhieu | ||
| 980 | |a Trung tâm Học liệu Trường Đại học Cần Thơ | ||